Nuestra América (Registro nro. 308839)

Detalles MARC
000 -ENCABEZADO
Número de control [NR] 01390nam a22002417a 4500
005 - FECHA Y HORA DE LA ÚLTIMA TRANSACCIÓN
control field 20171204092513.0
008 - DE LONGITUD FIJA DE DATOS DE ELEMENTOS - INFORMACIÓN GENERAL
Elementos de longitud fija [NR] 171201b1929 ag |||fr|||| 001 0 spa d
040 ## - FUENTE DE CATALOGACION [NR]
Agencia de catalogación original [NR] CO-BoUCM
Idioma de catalogación [NR] spa
Quien Cataloga Sandra Yazo
Quien Clasifica Sandra Yazo
041 1# - CODIGO DE IDIOMA [R]
Código de idioma para texto/pista de sonido o título separado [R] Español
082 04 - NUMERO DE CLASIFICACION DECIMAL DEWEY [R]
Número de la edición [NR] 20
Número de clasificación [R] 813.52
092 ## - SIGNATURA TOPOGRAFICA LOCAL
Número de clasificación local E44N074
100 1# - ASIENTO PRINCIPAL--NOMBRE PERSONAL [NR]
Nombre personal [NR] Frank, Waldo David
Fechas asociadas con el nombre [NR] 1889-1967
ID Autoridad 89935
245 10 - MENCION DE TITULO [NR]
Título [NR] Nuestra América
Mención de responsabilidad, etc. [NR] Waldo Frank ; Traducción de Eugenio Garro
260 ## - PUBLICACION, DISTRIBUCION, ETC. (PIE DE IMPRENTA) [R]
Lugar de publicación, distribución, etc. [R] Buenos Aires (Argentina)
Nombre del editor, distribuidor, etc. [R] Babel
Fecha de publicación, distribución, etc. [R] 1929
300 ## - DESCRIPCION FISICA [R]
Extensión [R] 203 páginas
Dimensiones [R] 16 x 24 cm
500 ## - NOTA GENERAL [R]
Nota general [NR] Detalles físicos: Encuadernación rígida (holandesa) en cartón duro forrado en papel jaspeado. Lomo de tela texturizada con adornos en dorado. Guardas. Anteportada. Portada impresa en una sola tinta, con una marca tipográfica del editor. Texto impreso en una columna. Notas de pie de página. Índice
505 0# - NOTA DE CONTENIDO CON FORMATO PREESTABLECIDO [R]
Nota de contenido con formato preestablecido [NR] Prólogo de esta edición ; Prólogo de la edición americana ; Introducción a la edición francesa ; La tierra del pioneer [pionero] ; Nueva Inglaterra ; El pueblo elegido ; La tierra de las culturas sepultadas ; Chicago ; El “sí” del Puritano ; Nueva York ; Las multitudes de Withman ; La remoción del suelo
506 ## - NOTA DE RESTRICCIONES DE ACCESO [R]
Condiciones de acceso [NR] Consulta en sala
650 #7 - ASIENTO SECUNDARIO DE MATERIA - TERMINO TEMATICO [R]
Término temático o nombre geográfico como elemento de entrada [NR] Literatura estadounidense
Subdivisión general [R] Siglos XIX y XX
9 (RLIN) 89936
690 ## - ASUNTO AGREGADO LOCAL DE ENTRADA - TÉRMINO TEMÁTICO (OCLC, RLIN)
Acceso temático local Literatura americana
9 (RLIN) 18602
700 1# - ASIENTO SECUNDARIO - NOMBRE PERSONAL [R]
Nombre personal [NR] Garro, Eugerio
Término de relación [R] traductor
9 (RLIN) 89969
942 ## - ELEMENTOS DE ENTRADA AGREGADOS (KOHA)
Sistema de clasificación LOCAL
Tipo de ítem principal el descrito en 300a Libro
Edición 1
Clasificación E44N074
Existencias
Suprimido Perdido Sistema de clasificación Dañado No prestable Tipo de ítem específico Ubicación habitual Ubicación actual Localización Fecha de creación Forma de adquisición Costo Total préstamos Signatura topográfica Código de barras Última vez visto Ejemplar Price effective from Tipo de ítem
    LOCAL     Libro archivo Archivo Histórico Archivo Histórico Archivo histórico 01/12/2017 Donación 0.00   E44N074 L006401 01/12/2017 Ej.1 01/12/2017 Libro